000 00657nam a2200205 i 4500
001 77714
003 ES-MaACL
005 20230906173342.0
007 t|
008 041104s2003 pr ||||1| spa d
020 _a0-8477-0371-1
080 _a159.923
100 1 _aHernández Denton, Jorge Luis.
_962926
245 1 1 _a¿Cómo rescato mi tranquilidad y mi esperanza? /
_cJorge Luis Hernández Denton.
250 _a2ª reimpr.
260 _aSan Juan de Puerto Rico :
_bUniversidad de Puerto Rico,
_c2003.
300 _a123 p. ;
_c23 cm.
650 1 4 _aAutoestima.
_910429
852 _aES-MaACL
_jE-10240
_bR.134471
999 _c77714
_d77714